Synthetic methods for conjugated polymers and carbon materials / (Record no. 2311)
[ view plain ]
| 000 -LEADER | |
|---|---|
| fixed length control field | 00488cam a22001457i 4500 |
| 008 - FIXED-LENGTH DATA ELEMENTS--GENERAL INFORMATION | |
| fixed length control field | 240125s2017 gw a b 001 0 eng |
| 020 ## - INTERNATIONAL STANDARD BOOK NUMBER | |
| ISBN | 9783527339983 |
| 245 00 - TITLE STATEMENT | |
| Title | Synthetic methods for conjugated polymers and carbon materials / |
| Statement of responsibility, etc | edited by Mario Leclerc and Jean-Francois Morin. |
| 300 ## - COLLATION | |
| Pagination | x, 300 pages : |
| Other physical details | illustrations (some color) ; |
| 650 #0 - TRACINGS | |
| Main Subject | Conjugated polymers. |
| 700 1# - ADDITIONAL AUTHOR | |
| Additional Author | Leclerc, Mario, |
| 700 1# - ADDITIONAL AUTHOR | |
| Additional Author | Morin, Jean-Franðcois, |
| 942 ## - ADDED ENTRY ELEMENTS (KOHA) | |
| Item type | Books |
| 050 00 - LIBRARY OF CONGRESS CALL NUMBER | |
| Classification number | QD 382.C66 .S96 |
| Source of classification or shelving scheme | Not for loan | Permanent location | Current location | Date acquired | Accession No. | Full call number | Barcode. | Koha item type |
|---|---|---|---|---|---|---|---|---|
| Library of Congress Classification | Samuel Ogbemudia Main Library, University of Abuja | Samuel Ogbemudia Main Library, University of Abuja | 03/13/2025 | 2024/63565 | QD 382.C66 .S96 | 2025-0575 | Books |